Responses for Show #5629 - Thursday, February 12, 2009

Contestants

[<< previous game]

Mark Halpin, a scene designer from Cold Spring, Kentucky

Kelley Halstead, a physician from Brooklyn, New York

Deepak Tamasker, an attorney originally from Cleveland, Ohio (whose 1-day cash winnings total $13,001)

[next game >>]

Jeopardy! Round responses

HAPPY 200th, LINCOLN & DARWIN
TOP 40 SONGS' MISSING LINKS
BRANDED
"G"EOGRAPHY
THEY GOT IT ON eBAY!
BRIT SPEAK
    $200 1
Edinburgh

Mark
    $200 19
(Mark: What is Standing?)

Down

Mark
Triple Stumper
    $200 14
Visine

Deepak
    $200 11
Guatemala

Mark
    $200 22
vampires

Kelley
    $200 6
potato chips

Deepak
    $400 2
Indiana

Deepak
    $400 23
Wild

Mark
    $400 15
Reese's Peanut Butter Cups

Kelley
    $400 12
Georgia

Deepak
    $400 27
Elvis

Mark
    $400 7
a day care center

Mark
    $600 3
Tad

Mark
    $600 24
Wind

Mark
    $600 16
(Deepak: What are Oscar Mayer wieners?)
(Kelley: What is Ball Park franks?)

Armour hot dogs

DeepakKelley
Triple Stumper
    $600 13
Guam

Kelley
    $600 28
her wedding dress

Mark
    $600 8
an apartment

Deepak
    $800 4
a pigeon

Triple Stumper
    $800 25
Day

Mark
    $800 17
Glade

Deepak
    $800 20
Guinea

Kelley
    $800 29
the pope

Kelley
    $1,200 9
(Deepak: [No response.])

a mackintosh

Deepak
    $1000 5
(Mark: Uh, what is Delft?)

Wedgwood

Mark
Triple Stumper
    $1000 26
The Look

Deepak
    $1000 18
a Tsunami

Deepak
    $1000 21
Greece

Deepak
    $1000 30
the meaning of life

Triple Stumper
    $1000 10
(running) shoes

Mark

Scores at the first commercial break (after clue 13):

Deepak Kelley Mark
$400 $600 $1,400

Scores at the end of the Jeopardy! Round:

Deepak Kelley Mark
$3,800 $2,200 $4,000

Double Jeopardy! Round responses

GONE WITH THE WIND: THE NOVEL
FROM SCREEN TO STAGE
GENOME-ENCLATURE
CHAMBER MUSIC
BUILT IN THE U.S.A.
CROSSWORD CLUES "D"
    $400 26
war

Deepak
    $400 11
Shrek

Mark
    $400 1
identical twins

Kelley
    $400 19
a Trio

Mark
    $400 14
(Deepak: What is the Holland Tunnel?)
(Mark: What is the Lincoln Tunnel?)

the Brooklyn Bridge

DeepakKelleyMark
    $400 6
discuss

Kelley
    $800 12
The Lord of the Rings

Mark
    $800 2
a clone

Kelley
    $800 22
(Kelley: Who is Mozart?)

Bach

Kelley
Triple Stumper
    $800 15
the Astrodome

Kelley
    $800 7
dwarf

Deepak
    $1200 13
White Christmas

Deepak
    $1200 3
the gene pool

Mark
    $1200 23
Schubert

Mark
    $1200 16
the Washington Monument

Kelley
    $1200 8
dreadlocks

Mark
    $2,000 28
(Deepak: Who is Butterfly McQueen?)
...
[The end-of-round signal sounds.]

Mammy

Deepak
    $1600 20
Mary Poppins

Mark
    $1600 4
genetic fingerprinting

Deepak
    $1600 24
(Antonin) Dvorak

Mark
    $1600 17
Independence Hall

Triple Stumper
    $1600 9
a dreidel

Mark
    $2000 27
the Tarleton twins

Triple Stumper
    $2000 21
Billy Elliot

Deepak
    $2000 5
R(ibo) N(ucleic) A(cid)

Deepak
    $1,000 25
a harp

Mark
    $2000 18
Illinois

Deepak
    $2000 10
a dulcimer

Mark

Scores at the end of the Double Jeopardy! Round:

Deepak Kelley Mark
$11,400 $5,400 $16,600

[wagering suggestions for these scores]

Final Jeopardy! Round responses

INTERNATIONAL RELATIONS
(Alex: Where do most hurricanes occur and which country doesn't have the best relations with the United States?)
...
(Alex: [Revealing Mark's response] No, most of the hurricanes occur in the Caribbean and in the Atlantic, and [*] will allow our hurricane hunters to overfly their country.)
KelleyWhat is North Korea?
$5,000
DeepakWhat is China?
$1,000
MarkWhat is Iran?
$6,201
Cuba

Final scores:

Deepak Kelley Mark
$10,400 $400 $10,399
2-day champion: $23,401 3rd place: $1,000 2nd place: $2,000

Game dynamics:

Coryat scores:

Deepak Kelley Mark
$14,600 $5,400 $17,600
16 R,
4 W
(including 2 DDs)
11 R,
2 W
21 R
(including 1 DD),
3 W

Combined Coryat: $37,600

[game clues] [game scores] [suggest correction]

Game tape date: 2008-12-02
The J! Archive is created by fans, for fans. Scraping, republication, monetization, and malicious use prohibited; this site may use cookies and collect identifying information. See terms. The Jeopardy! game show and all elements thereof, including but not limited to copyright and trademark thereto, are the property of Jeopardy Productions, Inc. and are protected under law. This website is not affiliated with, sponsored by, or operated by Jeopardy Productions, Inc. Join the discussion at JBoard.tv.